000 00308nam a22001337a 4500
008 170620b xxu||||| |||| 00| 0 eng d
020 _a9780073401485
041 _aeng
080 _25 ED
_a32
100 _a20
101 _aSHP
245 _aSTUDENT ATLAS WORLD POLITICS
_cALLEM.J
942 _2udc
_cBK
999 _c18339
_d18339